000 03177nam a2200241 4500
001 2162214035924653
003 UA-OsUOA
005 20240209095357.0
008 240209b un ||||| |||| 00| 0 ukr d
040 _aUA-OsUOA
_bukr
_cUA-OsUOA
_dUA-OsUOA
041 _aukr
080 _a347.132.6
090 _a347.132.6
095 _a12.00.03
_bцивільне право і цивільний процес; сімейне право; міжнародне приватне право
100 _aБернада Є. В.
_91656
245 _aЦивільно-правові наслідки недійсності правочину
_cБернада Євген Валерійович; наук. керівник Козловська Людмила Володимирівна
260 _aКиїв
_c2018
300 _a16 с.
502 _6Автореферат дисертації на здобуття наукового ступеня кандидата юридичних наук
_cНауково-дослідний інститут приватного права і підприємництва імені академіка Ф. Г. Бурчака
_d2018
520 _aДисертація є комплексним науковим дослідженням цивільно-правових наслідків недійсності правочину, а також їх застосуванням для захисту цивільних прав та інтересів. В дисертації проаналізовано правові підстави застосування наслідків недійсності правочину, визначено правову характеристику виконання недійсного правочину та надано характеристику правових (деліктних) підстав застосування цивільно-правових санкцій недійсності правочину. З урахуванням теоретичних засад та судової практики застосування цивільного законодавства України, надано визначення поняття і видів правових наслідків недійсності правочину та їх місце в структурі способів захисту цивільних прав та інтересів. Обґрунтовано виявлені в теорії цивільного права та в судовій практиці проблеми, що виникають при застосуванні реституції, речово-правових та кондикційних наслідків недійсності правочину. Також визначено підстави та порядок цивільно-правової відповідальності (відшкодування збитків та/або моральної шкоди) сторін правочину, визнаного недійсним.
650 _2UDC
_a347 Цивільне право
_91609
942 _2udc
_cAR
999 _c575864
_d575864